00657nam a22001937a 450000500170000001000120001702000260002903700250005508200100008010000240009024501040011425000060021826000430022427001070026730000200037470000260039494200240042099900190044420260303120838.0 aBACEN26 a9789359771403c795.00 bThe Readers Paradise a370.1 aParmod Kumar988047 aChalk, Talk, and Transformation:bEducational Theories at Work/cby Parmod Kumar {and} Shaurya Vats a1 aNew Delhi bThe Readers Paradisec2026 a103,4787/23, Ansari Road, DaryaganjbNew Delhi e110002k9654444181mthereadersparadisesales@gmail.com a152p.c22cm(Hb) aVats, Shaurya 987663 2ddccENh370.1mPAR c215109d215109